| 000 | 01429nam a2200361 a 4500 | ||
|---|---|---|---|
| 001 | vtls000324443 | ||
| 003 | NLI | ||
| 005 | 20210602144917.0 | ||
| 008 | 110105s2003 ii g 000 j tel d | ||
| 020 | _cRs.70.00 | ||
| 039 | 9 |
_a201609071652 _bsivakotis _c201103232203 _dTelugu1 _y201101052113 _zTelugu1 |
|
| 040 | 0 |
_aNIL _btel _cTelugu Division |
|
| 041 | 0 | _atel | |
| 044 | _aii | ||
| 082 | 0 | 4 |
_a894.827 301 _222 |
| 100 | 1 |
_6880-01 _aజయప్రద సోమిరెడ్డి, పెళ్ళకూరు. |
|
| 245 | 1 | 0 |
_6880-02 _aసృష్టిలో తీయనిది ! / _cపెళ్ళకూరు జయప్రద సోమిరెడ్డి |
| 260 |
_aనెల్లూరు : _bవంశీ పబ్లికేషన్స్, _c2003. |
||
| 300 |
_a158p. ; _c21 cm. |
||
| 650 | 0 |
_aTelugu literature _9152465 |
|
| 700 | 1 | _6880-03 | |
| 880 | 1 |
_6100-01/ (B _aJayaprada Sōmireḍḍi, Peḷḷakūri _cDr. |
|
| 880 | 1 | 0 |
_6245-02/ (B _aSruṣtilo Tīyanidi / _cPellakūru Jayaprada Sōmireḍḍi |
| 880 | 1 | 0 | _6700-03/ (B |
| 887 | _asivakrishna | ||
| 901 |
_a32914 _b12.06.09 |
||
| 902 | _aTe 894.827301 J 585 sh | ||
| 904 | _asivakrishna | ||
| 949 |
_AVIRTUAITEM _D10005 _X100 _6DBA000032914TEL _eDBA000032914TEL |
||
| 942 |
_2ddc _cBKS |
||
| 999 |
_aVIRTUA _c282983 _d282983 |
||
| 999 | _aVTLSSORT0080*0200*0400*0410*0440*0820*1000*2450*2600*3000*6500*7000*8520*8800*8801*8802*9010*9020*9040*9992 | ||